Statistics for Oscar Best Picture Winners with a Name in the Title (1970>)

Click here to take the quiz!

General Stats

  • This quiz has been taken 26 times
  • The average score is 5 of 8

Answer Stats

HintAnswer% Correct
1994Forrest Gump
76%
1989Driving Miss Daisy
64%
1993Schindler's List
64%
1976Rocky
60%
1979Kramer vs Kramer
60%
1982Gandhi
60%
1984Amadeus
56%
1998Shakespeare in Love
48%

Score Distribution

Percentile by Number Answered

Percent of People with Each Score

Your Score History

You have not taken this quiz